Теплообмен при кипении жидких металлов: пер. с англ.

書誌詳細
第一著者: Двайер О. И. Орингтон И.
その他の著者: Субботин В. И. (редактор)
言語:ロシア語
出版事項: Москва, Мир, 1980
主題:
フォーマット: 図書
KOHA link:https://koha.lib.tpu.ru/cgi-bin/koha/opac-detail.pl?biblionumber=153798

MARC

LEADER 00000nam0a2200000 4500
001 153798
005 20231031151530.0
035 |a (RuTPU)RU\TPU\book\166842 
090 |a 153798 
100 |a 20090217d1980 k y0rusy50 ca 
101 1 |a rus  |c eng 
102 |a RU 
105 |a a z 001zy 
200 1 |a Теплообмен при кипении жидких металлов  |e пер. с англ.  |f О. И. Двайер  |g под ред. В. И. Субботина 
210 |a Москва  |c Мир  |d 1980 
215 |a 516 с.  |c ил. 
320 |a Библиогр. в конце гл. 
610 1 |a металлы 
610 1 |a жидкие металлы 
610 1 |a кипение 
610 1 |a теплообмен 
610 1 |a теплоотдача 
610 1 |a перегретый пар 
610 1 |a пузырьки 
610 1 |a тепловой поток 
610 1 |a плотность 
675 |a 621.039.53  |v 3 
675 |a 669-154  |v 3 
700 1 |a Двайер  |b О. И.  |g Орингтон И. 
702 1 |a Субботин  |b В. И.  |4 340 
801 1 |a RU  |b 63413507  |c 20090217  |g PSBO 
801 2 |a RU  |b 63413507  |c 20220413  |g PSBO 
942 |c BK